Logo CIB grande

Universidad verdad : revista de la Universidad del Azuay : administración 40 años (Registro nro. 238392)

Detalles MARC
000 -LEADER
campo de control de longitud fija 01426nam a22002537a 4500
003 - IDENTIFICADOR DE NÚMERO DE CONTROL
campo de control EC-GqESP
005 - FECHA Y HORA DE LA ÚLTIMA TRANSACCIÓN
campo de control 20260603144503.0
008 - DATOS DE LONGITUD FIJA--INFORMACIÓN GENERAL
campo de control de longitud fija 260521b |||||||| |||| 00| 0 eng d
041 ## - CÓDIGO DE IDIOMA
Código de lengua del texto/banda sonora o título independiente spa
082 ## - NÚMERO DE LA CLASIFICACIÓN DECIMAL DEWEY
Número de clasificación 378.005
Iniciales del Autor UNI
110 ## - ENTRADA PRINCIPAL--NOMBRE DE ENTIDAD CORPORATIVA
Nombre de entidad corporativa o nombre de jurisdicción como elemento de entrada Universidad del Azuay
245 ## - MENCIÓN DEL TÍTULO
Título Universidad verdad : revista de la Universidad del Azuay : administración 40 años
260 ## - PUBLICACIÓN, DISTRIBUCIÓN, ETC.
Lugar de publicación, distribución, etc. Cuenca
Nombre del editor, distribuidor, etc. Universidad del Azuay
Fecha de publicación, distribución, etc. 2011
300 ## - DESCRIPCIÓN FÍSICA
Extensión 263 páginas
Dimensiones 21.30 cm.
Otras características físicas ilustraciones
500 ## - NOTA GENERAL
Nota general no. 56 (diciembre 2011). ISSN: 13902849.
504 ## - NOTA DE BIBLIOGRAFÍA, ETC.
Nota de bibliografía, etc. Nota Incluye referencias bibliográficas al final de cada artículo.
520 ## - RESUMEN, ETC.
Sumario, etc. Edición especial de carácter histórico y profesional conmemorativa por el 40 aniversario de la Facultad de Ciencias de la Administración de la Universidad del Azuay. Este volumen que reúne ensayos científicos, estudios de mercado y análisis teóricos sobre la evolución de la gestión empresarial, la economía local, las finanzas públicas, la contabilidad y el desarrollo administrativo en el Ecuador, celebrando las cuatro décadas de la facultad.<br/>
650 ## - PUNTO DE ACCESO ADICIONAL DE MATERIA--TÉRMINO DE MATERIA
Término de materia o nombre geográfico como elemento de entrada Educación superior - Investigaciones - Ecuador
650 ## - PUNTO DE ACCESO ADICIONAL DE MATERIA--TÉRMINO DE MATERIA
Término de materia o nombre geográfico como elemento de entrada Economía de la empresa - Investigaciones
650 ## - PUNTO DE ACCESO ADICIONAL DE MATERIA--TÉRMINO DE MATERIA
Término de materia o nombre geográfico como elemento de entrada Universidad del Azuay - Facultad de Ciencias de la Administración - Historia
650 ## - PUNTO DE ACCESO ADICIONAL DE MATERIA--TÉRMINO DE MATERIA
Término de materia o nombre geográfico como elemento de entrada Administración de empresas - Estudio y enseñanza superior
650 ## - PUNTO DE ACCESO ADICIONAL DE MATERIA--TÉRMINO DE MATERIA
Término de materia o nombre geográfico como elemento de entrada Gestión empresarial - Ecuador
942 ## - ELEMENTOS DE ENTRADA SECUNDARIOS (KOHA)
Tipo de ítem Koha Libros
Existencias
Estatus retirado Estado de pérdida Fuente de la clasificación o esquema de estantería Estado de daño No para préstamo Biblioteca de origen Biblioteca actual Fecha de adquisición Coste, precio normal de compra Etiqueta RFID Total de préstamos Signatura topográfica completa Código de barras Visto por última vez Copia número Fecha de reemplazo Tipo de ítem Koha Nota pública
    Clasificación Decimal Dewey     CENTRO DE INFORMACIÓN BIBLIOTECARIA CENTRO DE INFORMACIÓN BIBLIOTECARIA 12/05/2026 1.00 0000000000000000038535   378.005 UNI D-202798 21/05/2026 1 21/05/2026 Libros CIB

Copyright 2025 ESPOL. Todos los derechos reservados.